| 000 | 00562nam a22002057a 4500 | ||
|---|---|---|---|
| 003 | OSt | ||
| 005 | 20220107122901.0 | ||
| 008 | 220104b xxu||||| |||| 00| 0 eng d | ||
| 020 | _a9780521833783 | ||
| 040 | _cKUDSIT | ||
| 082 | _a519.6 BOY/C;1 | ||
| 100 |
_aBoyd, Stephen _918888 |
||
| 245 | _aConvex optimization | ||
| 260 |
_aUnited Kingdom, _bCambridge University Press, _c2020. |
||
| 300 | _axiii, 716 p. | ||
| 650 |
_aMATHEMATICAL OPTIMIZATION _918889 |
||
| 650 |
_aCONVEX FUNCTIONS _918890 |
||
| 700 |
_aVandenberghe, Lieven _918891 |
||
| 942 |
_2ddc _cBK |
||
| 999 |
_c6899 _d6899 |
||